Statistiques concernant Pokémon-Les Pikachu

Cliquez ici pour prendre le quiz!

Statistiques générales

  • Ce quiz a été pris 16 fois
  • Le résultat moyen est 9 sur 16

Statistiques - réponses

Réponse% Correct
Pikachu Surfeur
94%
Pikachu Gigamax
88%
Détective Pikachu
81%
Pikachu Catcheur
81%
Pikachu de Sacha
75%
Capitaine Pikachu
69%
Pikachu Mimiqui
63%
Pikachu Smash Bros
56%
Pikachu Volant
56%
Clone de Pikachu
50%
Pikachu Poképark
44%
Sparky
38%
Pikachu Orbe Rouge
31%
Pikachu de Donjon Mystère
25%
Pikachu Explorateur
13%
Puka
6%

Distribution des résultats

Percentile par nombre de réponses

% des personnes avec chaque résultat

Votre développement - résultats

Vous n’avez pas pris ce quiz